Gun policy in the United States and Canada: the impact of mass murders and assassinations on gun control
| Autor principal: | |
|---|---|
| Tipo de documento: | Print Libro |
| Lenguaje: | Inglés |
| Publicado: |
London [u.a.]
Bloomsbury
2013
|
| En: | Año: 2013 |
| Edición: | Paperback ed. first publ. 2013 |
| Acceso en línea: |
Índice Blurb (Publisher) |
| Disponibilidad en Tübingen: | Disponible en Tübingen. UB: KB 9 E 2446 |
| Verificar disponibilidad: | HBZ Gateway |
| Servicio de pedido Subito: | Pedir ahora. |
| Palabras clave: |
MARC
| LEADER | 00000cam a2200000 c 4500 | ||
|---|---|---|---|
| 001 | 160720715X | ||
| 003 | DE-627 | ||
| 005 | 20240508215129.0 | ||
| 007 | tu | ||
| 008 | 140203s2013 xx ||||| 00| ||eng c | ||
| 020 | |a 9781441106506 |q hbk. |9 978-1-4411-0650-6 | ||
| 020 | |a 9781623567682 |9 978-1-62356-768-2 | ||
| 035 | |a (DE-627)160720715X | ||
| 035 | |a (DE-603)333831535 | ||
| 035 | |a (DE-576)40040544X | ||
| 035 | |a (DE-599)BSZ40040544X | ||
| 035 | |a (OCoLC)876243649 | ||
| 040 | |a DE-627 |b ger |c DE-627 |e rakwb | ||
| 041 | |a eng | ||
| 082 | 0 | |a 363.330971 |2 DDC23eng | |
| 084 | |a 2,1 |2 ssgn | ||
| 100 | 1 | |a Fleming, Anthony K. |0 (DE-588)1047128241 |0 (DE-627)777623242 |0 (DE-576)377278556 |4 aut | |
| 109 | |a Fleming, Anthony K. | ||
| 245 | 1 | 0 | |a Gun policy in the United States and Canada |b the impact of mass murders and assassinations on gun control |c Anthony K. Fleming |
| 250 | |a Paperback ed. first publ. 2013 | ||
| 264 | 1 | |a London [u.a.] |b Bloomsbury |c 2013 | |
| 300 | |a 159 S. | ||
| 336 | |a Text |b txt |2 rdacontent | ||
| 337 | |a ohne Hilfsmittel zu benutzen |b n |2 rdamedia | ||
| 338 | |a Band |b nc |2 rdacarrier | ||
| 500 | |a Originally published: London: Continuum, 2012 | ||
| 505 | 8 | |a Literaturverz. S. [144] - 151 | |
| 583 | 1 | |a Archivierung/Langzeitarchivierung gewährleistet |f SSG |x XA-DE-BW |2 pdager |5 DE-21 | |
| 650 | 0 | 7 | |0 (DE-588)4516609-2 |0 (DE-627)249353555 |0 (DE-576)213243857 |a Waffenbesitz |2 gnd |
| 650 | 0 | 7 | |0 (DE-588)4157237-3 |0 (DE-627)105502421 |0 (DE-576)209832878 |a Gewalttätigkeit |2 gnd |
| 650 | 0 | 7 | |0 (DE-588)4033178-7 |0 (DE-627)10458503X |0 (DE-576)209000511 |a Kriminalität |2 gnd |
| 650 | 4 | |a Gun control--Canada | |
| 650 | 4 | |a Gun control--United States | |
| 650 | 4 | |a Violent crimes--Canada | |
| 650 | 4 | |a Violent crimes--United States | |
| 651 | 7 | |0 (DE-588)4078704-7 |0 (DE-627)106076612 |0 (DE-576)209209682 |a Usa |2 gnd | |
| 651 | 7 | |0 (DE-588)4029456-0 |0 (DE-627)106274163 |0 (DE-576)208982698 |a Kanada |2 gnd | |
| 689 | 0 | 0 | |d g |0 (DE-588)4078704-7 |0 (DE-627)106076612 |0 (DE-576)209209682 |a USA |2 gnd |
| 689 | 0 | 1 | |d g |0 (DE-588)4029456-0 |0 (DE-627)106274163 |0 (DE-576)208982698 |a Kanada |2 gnd |
| 689 | 0 | 2 | |d s |0 (DE-588)4053634-8 |0 (DE-627)106166220 |0 (DE-576)209104848 |a Schusswaffe |2 gnd |
| 689 | 0 | 3 | |d s |0 (DE-588)4188892-3 |0 (DE-627)10526119X |0 (DE-576)210055952 |a Waffenrecht |2 gnd |
| 689 | 0 | 4 | |d s |0 (DE-588)4046514-7 |0 (DE-627)104152206 |0 (DE-576)209069945 |a Politik |2 gnd |
| 689 | 0 | |5 (DE-627) | |
| 776 | 1 | |z 9781441130525 | |
| 776 | 1 | |z 9781441112934 | |
| 856 | 4 | 2 | |u https://swbplus.bsz-bw.de/bsz40040544Xinh.htm |m B:DE-576;DE-21 |q application/pdf |v 20140212122554 |x Verlag |3 Inhaltsverzeichnis |7 1 |
| 856 | 4 | 2 | |u https://swbplus.bsz-bw.de/bsz40040544Xkla.htm |m B:DE-576;DE-21 |q application/pdf |v 20140212122554 |x Verlag |3 Klappentext |7 1 |
| 889 | |w (DE-627)1953752764 | ||
| 935 | |a MZUSA | ||
| 935 | |h HEB |i 0501 | ||
| 935 | |h HEB |i 0503 | ||
| 936 | s | n | |a m200 |2 mzub |
| 951 | |a BO | ||
| ELC | |b 1 | ||
| LOK | |0 000 xxxxxcx a22 zn 4500 | ||
| LOK | |0 001 3127179537 | ||
| LOK | |0 003 DE-627 | ||
| LOK | |0 004 160720715X | ||
| LOK | |0 005 20140204142745 | ||
| LOK | |0 008 131105||||||||||||||||ger||||||| | ||
| LOK | |0 040 |a DE-21 |c DE-627 |d DE-21 | ||
| LOK | |0 852 |a DE-21 | ||
| LOK | |0 852 1 |c KB 9 E 2446 |9 00 | ||
| LOK | |0 935 |a krim | ||
| LOK | |0 936ln |a k10.10.6 | ||
| LOK | |0 938 |a 1402 |f 34 | ||
| LOK | |0 939 |a 2013-11-05 |b l01 | ||
| ORI | |a WA-MARC-krimdoka001.raw | ||
| SIG | |a UB: KB 9 E 2446 | ||
| TIM | |a 100018670701_100020261231 |b 1867-07-01 - 2026 | ||
